Μαθήματα αναλύσεως διακυμάνσεως
Saved in:
| Main Author: | |
|---|---|
| Format: | Book |
| Language: | Greek |
| Published: |
Πειραιάς :
Α. Σταμούλης,
1989.
|
| Series: | Περιέχει βιβλιογραφία
|
| Subjects: | |
| Tags: |
Add Tag
No Tags, Be the first to tag this record!
|
MARC
| LEADER | 00000cam a2200000 i 4500 | ||
|---|---|---|---|
| 001 | 1/37819 | ||
| 008 | 131030s1989####gr ||| | gre|| | ||
| 020 | |a 9789606180699 | ||
| 035 | |l 10115905 | ||
| 040 | |a GR-MyUA |b gre |e AACR2 | ||
| 041 | 0 | |a gre | |
| 082 | 0 | |a 519.538 |2 (22) | |
| 100 | 0 | |a Καφφές, Δημήτριος Γ. | |
| 245 | 1 | 0 | |a Μαθήματα αναλύσεως διακυμάνσεως / |c Δημ. Γ. Καφφέ. |
| 260 | |a Πειραιάς : |b Α. Σταμούλης, |c 1989. | ||
| 300 | |a 174, [1] σ. : |b πιν. ; |c 24 εκ. | ||
| 504 | |a Περιέχει βιβλιογραφικές αναφορές. | ||
| 650 | 0 | 0 | |a Analysis of variance. |
| 650 | 0 | 0 | |a Experimental design. |
| 830 | 0 | |a Περιέχει βιβλιογραφία | |
| 852 | |a INST |b SAMOS |c EUDOXUS |e 20131030 |h 519.538 ΚΑΦ |p 005300040708 |q 005300040708 |t EDX |y 0 | ||
| 852 | |a INST |b SAMOS |c EUDOXUS |e 20131030 |h 519.538 ΚΑΦ |p 005300040710 |q 005300040710 |t EDX |y 0 | ||
| 852 | |a INST |b SAMOS |c EUDOXUS |e 20131030 |h 519.538 ΚΑΦ |p 005300040711 |q 005300040711 |t EDX |y 0 | ||
| 852 | |a INST |b SAMOS |c EUDOXUS |e 20190301 |h 519.538 ΚΑΦ |p 005300045838 |q 005300045838 |t EDX |y 23 | ||
| 852 | |a INST |b SAMOS |c EUDOXUS |e 20211018 |h 519.538 ΚΑΦ |p 005300047166 |q 005300047166 |t EDX |y 0 | ||
| 901 | |a BIBL3-2013-3 | ||
| 909 | |a Σ |b 178918 | ||
| 909 | |a Σ |b 178919 | ||
| 909 | |a Σ |b 178920 | ||
| 920 | |a ΕΥΔΟΞΟΣ |b ΠΑΡΑΓΓΕΛΙΑ-ΤΣΑΧΜ |y Σάμος |z 2013-05 | ||
| 920 | |a Εύδοξος |b Επιστροφή |y Σάμος |z 2019-03 | ||
| 920 | |a Εύδοξος |b Επιστροφή |y Σάμος |z 2021-10 | ||
| 970 | |a ΓΟΥΒΑΛΑ |b ΒΑΣΩ |z 2013/10/29 | ||